000 00293nam a22001337a 4500
003 SGT
082 _a954.034
_bM98R
100 _aROLAM, ROMA
245 _aMAHATMA GANDHI:JEEVAN AUR DARSHAN
260 _aINDIA
_bLOKBHARTI
_c1998
300 _a187
650 _aMAHATMA GANDHI
942 _2ddc
_cBK
999 _c26016
_d26016